000 00838nam a2200253 i 4500
001 8687
003 ES-MaACL
005 20240617101758.0
007 t|
008 920824s1990 sp ||||1| spa d
020 _a84-7785-055-0
080 _a86-14"19"
080 _a86(Alonso,D.3.01)
100 1 _aAlonso, Dámaso,
_d1898-1990
_920195
245 1 0 _aDámaso Alonso /
_cintroducción, selección y bio-bibliografía de Dámaso Santos.
260 _aMálaga :
_bCentro Cultural de la Generación del 27,
_cD.L. 1990.
300 _a28 p. :
_bretrato del autor ;
_c21 cm.
490 1 _aLa ola gratinada ;
_v7
700 1 _aSantos, Dámaso,
_d1918-2000
_9103466
710 2 _aCentro Cultural Generación del 27.
_92582
830 0 _aLa ola gratinada ;
_v7
_9178241
852 _aES-MaACL
_j2145-F-23
_bR.119261
999 _c8687
_d8687